[Event "Hastings Masters 2022/23"]
[Site "Hastings"]
[Date "2023.01.06"]
[Round "10.10"]
[White "Bazakutsa, Svyatoslav"]
[Black "Waldhausen Gordon, Frederick"]
[Result "1-0"]
[WhiteElo "2318"]
[BlackElo "2069"]
[PlyCount "169"]
[EventDate "2022.12.28"]
[EventType "swiss"]
[EventRounds "10"]
[EventCountry "ENG"]

1. c4 e6 2. Nf3 Nf6 3. b3 d5 4. e3 Bd6 5. Bb2 O-O 6. Nc3 Nbd7 7. Qc2 c5 8. cxd5
Nxd5 9. Nxd5 exd5 10. Be2 Nf6 11. O-O Re8 12. d4 Ne4 13. Rac1 Bf5 14. Qd1 Rc8
15. dxc5 Bxc5 16. Nd4 Bd7 17. Bd3 Bd6 18. Rxc8 Bxc8 19. Be2 Qf6 20. Bf3 Qh6 21.
g3 Bh3 22. Bg2 Be5 23. Ba1 Rc8 24. Nf5 Bxf5 25. Bxe5 Qc6 26. Bb2 Qc5 27. h3 h6
28. Qh5 Ng5 29. h4 Bg6 30. Qg4 Ne6 31. Rc1 Bc2 32. Qh5 Qa5 33. a3 Qd2 34. Qxd5
Qxd5 35. Bxd5 Rc5 36. e4 Bd3 37. Rxc5 Nxc5 38. f3 Be2 39. Bd4 b6 40. Kf2 Bd1
41. Bxc5 bxc5 42. e5 Bc2 43. Ke3 Bf5 44. Kd2 Bc8 45. Kc3 Ba6 46. f4 Kf8 47. b4
cxb4+ 48. axb4 Ke7 49. Kd4 Bb5 50. Kc5 Bd7 51. Bc4 f6 52. e6 Ba4 53. b5 g6 54.
Kb4 Bc2 55. Ka5 f5 56. Ka6 Ba4 57. Kxa7 Bxb5 58. Bxb5 Kxe6 59. Bc4+ Kf6 60. Kb6
g5 61. h5 gxf4 62. gxf4 Kg7 63. Kc7 Kf8 64. Kd8 Kg7 65. Ke7 Kh8 66. Be2 Kg7 67.
Ke6 Kf8 68. Kf6 Kg8 69. Kg6 Kh8 70. Kxh6 Kg8 71. Kg6 Kh8 72. Kxf5 Kg7 73. Ke6
Kh8 74. f5 Kg7 75. Ke7 Kh6 76. f6 Kg5 77. f7 Kf4 78. f8=Q+ Ke4 79. h6 Kd4 80.
h7 Ke4 81. Bd3+ Kd5 82. Qf5+ Kc6 83. h8=Q Kb7 84. Qhc8+ Ka7 85. Qa5# 1-0

[Event "Hastings Masters 2022/23"]
[Site "Hastings"]
[Date "2023.01.06"]
[Round "10.11"]
[White "Golding, James"]
[Black "Ledger, Andrew J"]
[Result "0-1"]
[WhiteElo "2089"]
[BlackElo "2314"]
[PlyCount "78"]
[EventDate "2022.12.28"]
[EventType "swiss"]
[EventRounds "10"]
[EventCountry "ENG"]

1. d4 Nf6 2. c4 g6 3. Nc3 d5 4. e3 Bg7 5. Nf3 O-O 6. Be2 c5 7. O-O cxd4 8. exd4
Nc6 9. a3 b6 10. c5 Ne4 11. Na4 Bg4 12. Be3 bxc5 13. dxc5 Rb8 14. Rb1 e5 15. b4
d4 16. Bc1 Be6 17. Qc2 Nf6 18. Bd3 Bd5 19. Nd2 Re8 20. f3 Nh5 21. Ne4 Nf4 22.
Bxf4 exf4 23. Nb2 Ne5 24. Nc4 Bxc4 25. Bxc4 d3 26. Bxf7+ Nxf7 27. Qa2 Kf8 28.
Rbd1 Qd4+ 29. Kh1 Rbd8 30. Rd2 Qe3 31. h3 Re5 32. Rfd1 Rxe4 33. fxe4 Bc3 34.
Rf2 d2 35. Rff1 Qxe4 36. Qb3 Rd3 37. Kh2 Be5 38. Qa2 f3+ 39. Kg1 Qe2 0-1

[Event "Hastings Masters 2022/23"]
[Site "Hastings"]
[Date "2023.01.06"]
[Round "10.12"]
[White "White, Stuart A"]
[Black "Pollack, Oscar"]
[Result "0-1"]
[WhiteElo "2021"]
[BlackElo "2112"]
[PlyCount "86"]
[EventDate "2022.12.28"]
[EventType "swiss"]
[EventRounds "10"]
[EventCountry "ENG"]

1. Nf3 Nf6 2. c4 g6 3. d4 Bg7 4. Nc3 O-O 5. e4 d6 6. h3 e5 7. d5 Nh5 8. g3 f5
9. Bg2 Na6 10. O-O Nf6 11. exf5 gxf5 12. Bg5 Qe8 13. Nh4 Bd7 14. Qd2 Qf7 15.
Bh6 f4 16. Bxg7 Qxg7 17. Qe1 Nb4 18. Rd1 Nc2 19. Qd2 Nd4 20. Kh2 Qh6 21. Ne2
Nxe2 22. Qxe2 e4 23. Bxe4 Rae8 24. Rd4 c5 25. dxc6 Bxc6 26. Nf5 Qg6 27. Nxd6
Nxe4 28. Nxe4 fxg3+ 29. fxg3 Rxf1 30. Qxf1 Rxe4 31. Rd8+ Re8 32. Rxe8+ Qxe8 33.
Qd3 Qe5 34. Qd2 Qe4 35. Qg5+ Kf7 36. Qf4+ Qxf4 37. gxf4 a5 38. Kg3 Kg6 39. b3
Kf5 40. a3 b6 41. b4 a4 42. c5 b5 43. h4 h5 0-1

[Event "Hastings Masters 2022/23"]
[Site "Hastings"]
[Date "2023.01.06"]
[Round "10.13"]
[White "Muir, Andrew J"]
[Black "Ismail, Mohammed Aayan"]
[Result "1/2-1/2"]
[WhiteElo "2244"]
[BlackElo "1963"]
[PlyCount "70"]
[EventDate "2022.12.28"]
[EventType "swiss"]
[EventRounds "10"]
[EventCountry "ENG"]

1. d4 Nf6 2. c4 e6 3. Nc3 d5 4. Bg5 Be7 5. e3 O-O 6. Nf3 dxc4 7. Bxc4 a6 8. a4
c5 9. O-O Nc6 10. dxc5 Qa5 11. Qe2 Qxc5 12. Rfd1 e5 13. Bxf6 Bxf6 14. Ne4 Qe7
15. Rd6 Bf5 16. Nxf6+ gxf6 17. Rad1 Rad8 18. Rxd8 Rxd8 19. Nh4 Rxd1+ 20. Qxd1
Qd7 21. Qb3 Be6 22. h3 e4 23. Bxe6 fxe6 24. Nf5 Qd5 25. Qxd5 exd5 26. f3 exf3
27. gxf3 b6 28. Kf2 Kf7 29. Nd4 Nxd4 30. exd4 Ke6 31. Ke3 Kf5 32. f4 Kg6 33.
Kf3 Kh5 34. Kg3 h6 35. b4 f5 1/2-1/2

[Event "Hastings Masters 2022/23"]
[Site "Hastings"]
[Date "2023.01.06"]
[Round "10.15"]
[White "Latzke, Boris"]
[Black "Eames, Robert S"]
[Result "1-0"]
[WhiteElo "2194"]
[BlackElo "2136"]
[PlyCount "85"]
[EventDate "2022.12.28"]
[EventType "swiss"]
[EventRounds "10"]
[EventCountry "ENG"]

1. d4 Nf6 2. c4 c5 3. d5 b5 4. cxb5 a6 5. bxa6 g6 6. Nc3 Bg7 7. e4 O-O 8. Nf3
Qa5 9. Bd2 Bxa6 10. Bxa6 Qxa6 11. Qe2 d6 12. Qxa6 Nxa6 13. Ke2 Nb4 14. a3 Nc2
15. Rab1 Nd4+ 16. Kd3 Ng4 17. Nd1 f5 18. Nxd4 fxe4+ 19. Kxe4 Bxd4 20. f3 Nf6+
21. Kd3 Nxd5 22. Re1 Rfb8 23. Kc2 e5 24. Nc3 Nc7 25. f4 Ra6 26. b4 cxb4 27.
Rxb4 Rc8 28. Rc4 Rxa3 29. Nb5 Nxb5 30. Rxc8+ Kf7 31. Rb1 Na7 32. Rc7+ Ke6 33.
fxe5 dxe5 34. Bc3 Bf2 35. Rbb7 Kd5 36. Rd7+ Kc4 37. Rb4+ Kc5 38. Rb3 Ra2+ 39.
Kb1 Ra6 40. Bxe5 Nc6 41. Bb2 h5 42. Rc3+ Kb4 43. Rb7+ 1-0

[Event "Hastings Masters 2022/23"]
[Site "Hastings"]
[Date "2023.01.06"]
[Round "10.16"]
[White "Schimnatkowski, Lukas"]
[Black "Rolvag, Mikael"]
[Result "1/2-1/2"]
[WhiteElo "2194"]
[BlackElo "2110"]
[PlyCount "56"]
[EventDate "2022.12.28"]
[EventType "swiss"]
[EventRounds "10"]
[EventCountry "ENG"]

1. e4 e6 2. d4 d5 3. Nd2 c5 4. exd5 exd5 5. Bb5+ Nc6 6. Ngf3 Bd6 7. dxc5 Bxc5
8. O-O Nge7 9. Nb3 Bd6 10. Bg5 O-O 11. Nbd4 Qc7 12. Be2 a6 13. Re1 Bg4 14. Kh1
Rfe8 15. c3 Ng6 16. h3 Bd7 17. Qb3 h6 18. Be3 Nge7 19. Rad1 Na5 20. Qc2 Nc4 21.
Bc1 Rad8 22. Bd3 Bc8 23. Qe2 Kf8 24. Bc2 Ng8 25. Qf1 Nf6 26. Nf5 Bf4 27. b3
Bxc1 28. Rxc1 Nb6 1/2-1/2

[Event "Hastings Masters 2022/23"]
[Site "Hastings"]
[Date "2023.01.06"]
[Round "10.17"]
[White "Byron, Alan M"]
[Black "Marusenko, Petr"]
[Result "1/2-1/2"]
[WhiteElo "2175"]
[BlackElo "2041"]
[PlyCount "80"]
[EventDate "2022.12.28"]
[EventType "swiss"]
[EventRounds "10"]
[EventCountry "ENG"]

1. e4 c6 2. Nf3 d5 3. exd5 cxd5 4. Ne5 Nc6 5. Bb5 Bd7 6. Nxd7 Qxd7 7. d4 e6 8.
c3 Nf6 9. O-O Bd6 10. Nd2 O-O 11. Re1 Qc7 12. g3 Rab8 13. f4 Rfc8 14. a4 a6 15.
Bd3 b5 16. Nf3 Na5 17. f5 exf5 18. Bxf5 Re8 19. Kg2 Rxe1 20. Nxe1 b4 21. Qc2
bxc3 22. bxc3 Ne4 23. Bxe4 dxe4 24. Ra2 Re8 25. Kf2 Nc4 26. Ng2 Re6 27. Qe2 Nb6
28. c4 Qxc4 29. Qxc4 Nxc4 30. Rc2 Nb6 31. a5 Nd7 32. Rc8+ Nf8 33. Nf4 Rh6 34.
h4 f5 35. d5 Kf7 36. Ne6 Rg6 37. Nf4 Rf6 38. Nh5 Rg6 39. Nf4 Rf6 40. Nh5 Rg6
1/2-1/2

[Event "Hastings Masters 2022/23"]
[Site "Hastings"]
[Date "2023.01.06"]
[Round "10.18"]
[White "Okhai, Shabir"]
[Black "Southcott-Moyers, Indy"]
[Result "1/2-1/2"]
[WhiteElo "2149"]
[BlackElo "1870"]
[PlyCount "73"]
[EventDate "2022.12.28"]
[EventType "swiss"]
[EventRounds "10"]
[EventCountry "ENG"]

1. e4 e5 2. Nf3 Nc6 3. Bc4 Bc5 4. c3 Nf6 5. d3 d6 6. O-O h6 7. Re1 O-O 8. Nbd2
a5 9. Nf1 Ne7 10. h3 Ng6 11. Ng3 c6 12. Bb3 Re8 13. d4 Bb6 14. Bc2 Be6 15. Be3
Bc7 16. Qd2 Kh7 17. a4 Qc8 18. Kh2 Rb8 19. Rad1 b5 20. axb5 cxb5 21. Bd3 Bc4
22. Bxc4 bxc4 23. d5 Qb7 24. Rb1 Bb6 25. Bxh6 gxh6 26. Nf5 Ng8 27. Ng5+ Kh8 28.
Nxd6 Qd7 29. Nf5 Bc5 30. Nf3 Kh7 31. Qe2 Rbc8 32. g3 N8e7 33. Ne3 Bxe3 34. Qxe3
f5 35. Rbd1 fxe4 36. Qxe4 Nf5 37. Qc2 1/2-1/2

[Event "Hastings Masters 2022/23"]
[Site "Hastings"]
[Date "2023.01.06"]
[Round "10.19"]
[White "Franco, Gaston"]
[Black "Hryshchenko, Kamila"]
[Result "0-1"]
[WhiteElo "2051"]
[BlackElo "2139"]
[PlyCount "64"]
[EventDate "2022.12.28"]
[EventType "swiss"]
[EventRounds "10"]
[EventCountry "ENG"]

1. e4 g6 2. d4 Bg7 3. Nc3 d6 4. f4 Nf6 5. Nf3 c5 6. Bb5+ Bd7 7. e5 Ng4 8. e6
Bxb5 9. exf7+ Kd7 10. Nxb5 Qa5+ 11. Nc3 cxd4 12. Nxd4 h5 13. Qd3 Qc5 14. h3
Bxd4 15. hxg4 Nc6 16. Ne4 Qd5 17. g5 Rac8 18. Qe2 Rhf8 19. c3 Rxf7 20. cxd4
Nxd4 21. Qd3 Nc2+ 22. Ke2 Qxd3+ 23. Kxd3 Nxa1 24. Nc3 b5 25. b4 a5 26. Ba3 axb4
27. Bxb4 Rc4 28. Ba5 Nc2 29. Rc1 Na3 30. g3 Rf5 31. Re1 b4 32. Na4 Rd5+ 0-1

[Event "Hastings Masters 2022/23"]
[Site "Hastings"]
[Date "2023.01.06"]
[Round "10.20"]
[White "Nissinen, Niilo Man"]
[Black "Zimmermann, Klemens"]
[Result "1/2-1/2"]
[WhiteElo "1996"]
[BlackElo "2247"]
[PlyCount "34"]
[EventDate "2022.12.28"]
[EventType "swiss"]
[EventRounds "10"]
[EventCountry "ENG"]

1. e4 c5 2. Nf3 d6 3. d4 cxd4 4. Nxd4 Nf6 5. Nc3 Nc6 6. Bg5 Bd7 7. Qd2 Rc8 8.
Nxc6 Bxc6 9. Bd3 a6 10. O-O e6 11. Qe3 Be7 12. Ne2 Qa5 13. Bh4 Ng4 14. Qh3 Bxh4
15. Qxh4 Ne5 16. Qg3 Nxd3 17. cxd3 Qe5 1/2-1/2

[Event "Hastings Masters 2022/23"]
[Site "Hastings"]
[Date "2023.01.06"]
[Round "10.21"]
[White "Pousada Garcia, Daniel"]
[Black "Hutchinson, Paul A"]
[Result "1-0"]
[WhiteElo "1960"]
[BlackElo "2135"]
[PlyCount "59"]
[EventDate "2022.12.28"]
[EventType "swiss"]
[EventRounds "10"]
[EventCountry "ENG"]

1. e4 c6 2. d4 d5 3. Nc3 dxe4 4. Nxe4 Nf6 5. Nxf6+ exf6 6. c3 Bd6 7. Bd3 O-O 8.
Ne2 Re8 9. O-O Nd7 10. Bf4 Nf8 11. Bxd6 Qxd6 12. Qc2 Bg4 13. Ng3 h5 14. f3 Bd7
15. Nxh5 g6 16. Ng3 f5 17. Rae1 Ne6 18. Re5 b5 19. Rfe1 Red8 20. Bxf5 Nxd4 21.
cxd4 Qxd4+ 22. Kh1 gxf5 23. Nxf5 Bxf5 24. Qxf5 Rd6 25. R5e4 Qxb2 26. Rg4+ Kf8
27. Qh7 Re6 28. Rg8+ Ke7 29. Qh4+ Kd7 30. Rxa8 1-0

[Event "Hastings Masters 2022/23"]
[Site "Hastings"]
[Date "2023.01.06"]
[Round "10.23"]
[White "Chan, Sheng Liang Bernard"]
[Black "Britton, Richard L"]
[Result "0-1"]
[WhiteElo "1986"]
[BlackElo "2091"]
[PlyCount "62"]
[EventDate "2022.12.28"]
[EventType "swiss"]
[EventRounds "10"]
[EventCountry "ENG"]

1. d4 Nf6 2. c4 e6 3. Nc3 Bb4 4. f3 d5 5. a3 Bxc3+ 6. bxc3 O-O 7. Bg5 h6 8. Bh4
Nbd7 9. e3 c5 10. cxd5 exd5 11. Bd3 Qa5 12. Qd2 b6 13. Ne2 Ba6 14. O-O cxd4 15.
Bxa6 dxe3 16. Qd3 Nc5 17. Qf5 Qxa6 18. Bxf6 Qxe2 19. Rae1 Qc4 20. Rxe3 gxf6 21.
Qxf6 Rae8 22. Qxh6 Re6 23. Rxe6 Nxe6 24. f4 Qc5+ 25. Kh1 Qe3 26. h3 Rc8 27. Qh5
Rxc3 28. Qd1 Nxf4 29. Re1 Qg3 30. Qd2 Rd3 31. Re8+ Kg7 0-1

[Event "Hastings Masters 2022/23"]
[Site "Hastings"]
[Date "2023.01.06"]
[Round "10.24"]
[White "Dewangan, Aayush"]
[Black "Dette, Jan"]
[Result "1/2-1/2"]
[WhiteElo "1472"]
[BlackElo "2037"]
[PlyCount "102"]
[EventDate "2022.12.28"]
[EventType "swiss"]
[EventRounds "10"]
[EventCountry "ENG"]

1. e4 e6 2. d4 d5 3. Nd2 c5 4. exd5 Qxd5 5. Ngf3 cxd4 6. Bc4 Qd7 7. Nb3 Nc6 8.
Nbxd4 Nxd4 9. Qxd4 Qxd4 10. Nxd4 a6 11. a4 Bd7 12. O-O Rc8 13. Bb3 Bc5 14. Nf3
Nf6 15. Ne5 Bc6 16. Nxc6 Rxc6 17. Bf4 Ke7 18. Rad1 Rd8 19. Rxd8 Kxd8 20. Rd1+
Ke7 21. Bg5 Bd6 22. Re1 h6 23. Bd2 Bc5 24. h3 Bd4 25. Bb4+ Ke8 26. a5 Bc5 27.
Bc3 Ke7 28. g4 Rd6 29. Kg2 g6 30. f4 h5 31. g5 Nd7 32. Re2 Rd1 33. Re1 Rxe1 34.
Bxe1 Nb8 35. Ba4 Kd6 36. Be8 Ke7 37. Ba4 Nc6 38. Bxc6 bxc6 39. Kf3 Bd4 40. c3
Bg7 41. Ke4 Kd6 42. Bf2 c5 43. Kd3 Kd5 44. c4+ Kc6 45. b3 e5 46. Be1 exf4 47.
Ke4 Bb2 48. Bd2 Kd6 49. Bxf4+ Ke6 50. Bd2 Ba3 51. Kf4 Bb2 1/2-1/2

[Event "Hastings Masters 2022/23"]
[Site "Hastings"]
[Date "2023.01.06"]
[Round "10.25"]
[White "Sugden, John N"]
[Black "Wilson, Matthew R"]
[Result "1-0"]
[WhiteElo "1997"]
[BlackElo "1722"]
[PlyCount "71"]
[EventDate "2022.12.28"]
[EventType "swiss"]
[EventRounds "10"]
[EventCountry "ENG"]

1. e4 e5 2. Nf3 Nf6 3. d4 Nxe4 4. dxe5 d5 5. Nbd2 Nxd2 6. Bxd2 Be7 7. Bd3 Nd7
8. c3 Nc5 9. Bc2 Bg4 10. h3 Bh5 11. Qe2 Qd7 12. O-O-O O-O-O 13. Bf4 Ne6 14. Bh2
Qc6 15. Rhe1 Qb6 16. g4 Bg6 17. Nd4 Bxc2 18. Qxc2 h5 19. Bg3 h4 20. Bh2 Nxd4
21. cxd4 Rh6 22. Kb1 g5 23. Re3 Qe6 24. f4 gxf4 25. Bxf4 Rhh8 26. Rf3 Kb8 27.
Bh2 Rc8 28. Bg1 Rhf8 29. Qf5 Qg6 30. Be3 Bb4 31. Rdf1 b6 32. Qxg6 fxg6 33. Rxf8
Rxf8 34. Rxf8+ Bxf8 35. Bg5 c5 36. e6 1-0

[Event "Hastings Masters 2022/23"]
[Site "Hastings"]
[Date "2023.01.06"]
[Round "10.26"]
[White "Jukes, Sam"]
[Black "Kett, Tim"]
[Result "1/2-1/2"]
[WhiteElo "1928"]
[BlackElo "2184"]
[PlyCount "58"]
[EventDate "2022.12.28"]
[EventType "swiss"]
[EventRounds "10"]
[EventCountry "ENG"]

1. e4 e5 2. Nf3 Nc6 3. Bc4 Nf6 4. d3 Be7 5. c3 O-O 6. Bb3 d6 7. Nbd2 Na5 8. Bc2
c5 9. Nf1 Nc6 10. Ng3 d5 11. exd5 Nxd5 12. O-O Be6 13. Qe2 Qc7 14. Ng5 Bxg5 15.
Bxg5 Nf4 16. Bxf4 exf4 17. Ne4 Qe5 18. Rfe1 Rfe8 19. Nd2 Bf5 20. Qxe5 Rxe5 21.
Rxe5 Nxe5 22. Re1 Bxd3 23. Rxe5 Bxc2 24. Rxc5 h6 25. Rd5 Re8 26. Kf1 Ba4 27.
Rd4 Bb5+ 28. c4 Bc6 29. f3 g5 1/2-1/2

[Event "Hastings Masters 2022/23"]
[Site "Hastings"]
[Date "2023.01.06"]
[Round "10.27"]
[White "Ortiz Sanchez, Luis"]
[Black "Ogunshola, Ben"]
[Result "1/2-1/2"]
[WhiteElo "1895"]
[BlackElo "2140"]
[PlyCount "84"]
[EventDate "2022.12.28"]
[EventType "swiss"]
[EventRounds "10"]
[EventCountry "ENG"]

1. d4 Nf6 2. Nf3 g6 3. Nc3 d5 4. Bf4 a6 5. Qd2 Bf5 6. h3 Nbd7 7. g4 Be4 8. g5
Nh5 9. Bh2 Bxf3 10. exf3 e6 11. O-O-O Rc8 12. Re1 Be7 13. h4 b5 14. Kb1 c6 15.
Bh3 b4 16. Na4 Qa5 17. b3 Ng7 18. Re2 Nf5 19. Bxf5 gxf5 20. Rhe1 Rg8 21. Bf4
Nb6 22. Nxb6 Qxb6 23. h5 a5 24. Rg1 Kd7 25. g6 hxg6 26. hxg6 Rxg6 27. Rxg6 fxg6
28. Be5 g5 29. Qe3 c5 30. dxc5 Qxc5 31. Bd4 Qc6 32. Be5 Qa6 33. Re1 a4 34. Re2
Rc6 35. Re1 Rc8 36. Qd2 Rg8 37. Qd4 g4 38. f4 g3 39. fxg3 Rxg3 40. Bf6 Bd6 41.
Bh4 Rf3 42. Qf6 Rf1 1/2-1/2

[Event "Hastings Masters 2022/23"]
[Site "Hastings"]
[Date "2023.01.06"]
[Round "10.28"]
[White "Finn, Peter"]
[Black "Jacobs, Robert"]
[Result "1-0"]
[WhiteElo "2123"]
[BlackElo "1905"]
[PlyCount "59"]
[EventDate "2022.12.28"]
[EventType "swiss"]
[EventRounds "10"]
[EventCountry "ENG"]

1. e4 c5 2. Nf3 Nc6 3. d4 cxd4 4. Nxd4 g6 5. c4 Nf6 6. Nc3 Nxd4 7. Qxd4 d6 8.
f3 Bg7 9. Be3 O-O 10. Qd2 a5 11. Na4 Nd7 12. O-O-O Qc7 13. Kb1 Ne5 14. Nb6 Be6
15. f4 Nc6 16. Nxa8 Rxa8 17. Be2 a4 18. Rc1 b6 19. g4 a3 20. b3 Bb2 21. Rc2 f6
22. h4 Bf7 23. g5 e5 24. gxf6 Bd4 25. h5 Qa7 26. Bxd4 Nxd4 27. hxg6 Bxg6 28. f5
Be8 29. Rg1+ Kh8 30. Qh6 1-0

[Event "Hastings Masters 2022/23"]
[Site "Hastings"]
[Date "2023.01.06"]
[Round "10.29"]
[White "Banerjee, Supratit"]
[Black "Wilks, Simon"]
[Result "0-1"]
[WhiteElo "1541"]
[BlackElo "2072"]
[PlyCount "180"]
[EventDate "2022.12.28"]
[EventType "swiss"]
[EventRounds "10"]
[EventCountry "ENG"]

1. e4 e6 2. d4 d5 3. exd5 exd5 4. Nf3 Nc6 5. Bd3 Bd6 6. O-O Nge7 7. c3 Bg4 8.
a4 Qd7 9. b4 O-O 10. Be3 Rae8 11. Nbd2 f5 12. Bg5 Ng6 13. Qc2 h6 14. Be3 Nge7
15. b5 f4 16. bxc6 Nxc6 17. Bg6 Rb8 18. Rae1 fxe3 19. fxe3 Ne7 20. Bd3 Bf5 21.
e4 dxe4 22. Nxe4 b6 23. c4 Bb4 24. Re2 Bg4 25. Qb2 Bxf3 26. gxf3 Bd6 27. Rg2
Nf5 28. Nxd6 Qxd6 29. d5 Qe7 30. Bxf5 Rxf5 31. Kh1 Rbf8 32. Rfg1 R8f7 33. Qd2
Qh4 34. Qc3 Qf6 35. Qd2 Rxf3 36. Rg6 Rf2 37. Rxf6 Rxd2 38. Rxh6 Ra2 39. Rh4
Rxa4 40. Re1 Rf2 41. Rg4 Raa2 42. h4 Rac2 43. Kg1 Rfd2 44. h5 Kh7 45. Rf1 a5
46. Rf7 Rd1+ 47. Rf1 Rxf1+ 48. Kxf1 a4 49. c5 Rxc5 50. Rxa4 Rxd5 51. Ra7 Rc5
52. Kf2 Kh6 53. Kg3 Kxh5 54. Ra8 Kg5 55. Kf3 Rc4 56. Rg8 g6 57. Re8 c6 58. Re5+
Kf6 59. Re8 b5 60. Ke3 g5 61. Rf8+ Ke7 62. Rg8 g4 63. Rg6 Kd7 64. Rg7+ Kd6 65.
Rg6+ Kc5 66. Rg5+ Kb4 67. Kd3 Kb3 68. Rh5 g3 69. Rg5 c5 70. Kd2 Rc3 71. Rg4 g2
72. Kd1 Rc2 73. Rg3+ Kb2 74. Ke1 Rc1+ 75. Kf2 g1=Q+ 76. Rxg1 Rxg1 77. Kxg1 c4
78. Kf2 c3 79. Kg3 c2 80. Kf4 c1=Q+ 81. Ke5 Ka2 82. Ke4 b4 83. Kd4 b3 84. Kd5
b2 85. Ke5 b1=Q 86. Kd4 Qb4+ 87. Kd5 Qg5+ 88. Kc6 Qbc5+ 89. Kb7 Qge7+ 90. Ka6
Qea7# 0-1

[Event "Hastings Masters 2022/23"]
[Site "Hastings"]
[Date "2023.01.06"]
[Round "10.30"]
[White "Ruane, Brendan J"]
[Black "Arnott, Jonathan W"]
[Result "0-1"]
[WhiteElo "1804"]
[BlackElo "2063"]
[PlyCount "94"]
[EventDate "2022.12.28"]
[EventType "swiss"]
[EventRounds "10"]
[EventCountry "ENG"]

1. e4 e6 2. d4 d5 3. e5 c5 4. c3 Nc6 5. Nf3 Bd7 6. Bd3 cxd4 7. O-O dxc3 8. Nxc3
Nge7 9. Re1 Ng6 10. g3 Qb8 11. Qe2 Bc5 12. Bd2 O-O 13. Rac1 Nd4 14. Nxd4 Bxd4
15. Qh5 a6 16. Kg2 f5 17. f4 Bc6 18. Kh3 Qa7 19. Nd1 Rfc8 20. Qe2 Bd7 21. Be3
Rxc1 22. Bxc1 Rc8 23. Be3 Ba4 24. Bxd4 Qxd4 25. Nc3 Bd7 26. Qd2 Ne7 27. Ne2 Qb6
28. Rc1 Nc6 29. Bxf5 Qf2 30. Bb1 Be8 31. Qe1 Qf3 32. Ng1 Qh5+ 33. Kg2 Bg6 34.
Bxg6 Qxg6 35. Qe2 Rf8 36. Qc2 Qg4 37. Ne2 g5 38. h3 Qh5 39. Rf1 gxf4 40. gxf4
Kh8 41. Rf3 Nxe5 42. Rg3 Ng6 43. Rg4 Qf5 44. Qc3+ Qf6 45. Nd4 h5 46. Rg3 Nxf4+
47. Kh2 e5 0-1

[Event "Hastings Masters 2022/23"]
[Site "Hastings"]
[Date "2023.01.06"]
[Round "10.31"]
[White "Damodaran, Patrick"]
[Black "Hng, Mei-En Emmanuelle"]
[Result "0-1"]
[WhiteElo "1701"]
[BlackElo "2057"]
[PlyCount "100"]
[EventDate "2022.12.28"]
[EventType "swiss"]
[EventRounds "10"]
[EventCountry "ENG"]

1. e4 d6 2. d4 Nf6 3. Nc3 g6 4. Bd3 Bg7 5. Nf3 c6 6. Be3 O-O 7. h3 b5 8. e5
dxe5 9. dxe5 Nd5 10. Be4 Nxe3 11. fxe3 Qb6 12. Qd4 f5 13. exf6 exf6 14. Qxb6
axb6 15. Nd4 f5 16. Bf3 Ra5 17. Nxc6 Nxc6 18. Bxc6 b4 19. Nd1 Be6 20. Bf3 Rc8
21. Kd2 Rac5 22. c3 bxc3+ 23. bxc3 b5 24. a3 Bb3 25. Rb1 Rd8+ 26. Ke2 Bc4+ 27.
Ke1 Be5 28. Be2 Bg3+ 29. Nf2 Ba2 30. Rd1 Rxd1+ 31. Bxd1 Rxc3 32. Kd2 Rxa3 33.
Nd3 Bc4 34. Bc2 Kg7 35. Rb1 Bc7 36. Nb4 Ba5 37. g4 f4 38. exf4 Rxh3 39. f5 gxf5
40. gxf5 Kf6 41. Kc1 Rh1+ 42. Bd1 Bxb4 43. Kb2 Rh2+ 44. Bc2 Bd3 45. Rc1 Rxc2+
46. Kb3 Rxc1 47. Kb2 Rb1+ 48. Ka2 Bc3 49. Ka3 Bc2 50. Ka2 Ra1# 0-1

[Event "Hastings Masters 2022/23"]
[Site "Hastings"]
[Date "2023.01.06"]
[Round "10.32"]
[White "Norinkeviciute, Rasa"]
[Black "Gorgun, Aliriza Atif"]
[Result "0-1"]
[WhiteElo "1969"]
[BlackElo "1850"]
[PlyCount "122"]
[EventDate "2022.12.28"]
[EventType "swiss"]
[EventRounds "10"]
[EventCountry "ENG"]

1. c4 Nf6 2. g3 g6 3. Bg2 Bg7 4. Nc3 O-O 5. d3 d6 6. e4 e5 7. Nge2 a5 8. O-O
Na6 9. h3 Nc5 10. f4 c6 11. Kh2 b6 12. Be3 Re8 13. Qc2 Bb7 14. d4 exd4 15. Bxd4
Qe7 16. e5 dxe5 17. Bxe5 Ncd7 18. Bd4 Rac8 19. Rad1 Ba6 20. Qa4 Nc5 21. Qa3
Bxc4 22. Bxc5 Qxc5 23. Qxc5 bxc5 24. Rf2 Nd5 25. Rd2 Ne3 26. Bf3 Bxc3 27. bxc3
Red8 28. Rxd8+ Rxd8 29. Ng1 Rd2 30. Rxd2 Nf1+ 31. Kg2 Nxd2 32. Bxc6 Bxa2 33.
Kf2 Nb1 34. Ne2 Bb3 35. Ke3 a4 36. Be4 Na3 37. Nc1 c4 38. Bc6 Nb1 39. Kd4 a3
40. Bd5 Nd2 41. Ke3 Nb1 42. Kd4 a2 43. Nxa2 Bxa2 44. Bxc4 Bxc4 45. Kxc4 Kf8 46.
Kd4 Ke7 47. c4 Nd2 48. Kd5 Nf1 49. g4 Ne3+ 50. Kd4 Ng2 51. Ke4 Ke6 52. Kf3 Ne1+
53. Ke2 Nc2 54. Kd3 Nb4+ 55. Kd4 f5 56. gxf5+ gxf5 57. h4 h5 58. Kc3 Nc6 59.
Kd3 Kd6 60. Kd2 Kc5 61. Kc3 Na5 0-1

[Event "Hastings Masters 2022/23"]
[Site "Hastings"]
[Date "2023.01.06"]
[Round "10.33"]
[White "Faulks, Nick"]
[Black "Li, Ethan"]
[Result "1-0"]
[WhiteElo "1802"]
[BlackElo "1889"]
[PlyCount "125"]
[EventDate "2022.12.28"]
[EventType "swiss"]
[EventRounds "10"]
[EventCountry "ENG"]

1. e4 c5 2. Nf3 Nc6 3. d4 cxd4 4. Nxd4 Qc7 5. Nb5 Qb8 6. Bd3 e6 7. Be3 a6 8.
N5c3 Nge7 9. O-O Ng6 10. f4 b5 11. Nd2 Be7 12. e5 d6 13. exd6 Bxd6 14. Nce4
Bxf4 15. Bxf4 Nxf4 16. Qf3 e5 17. Nf6+ gxf6 18. Qxc6+ Ke7 19. Ne4 Kf8 20. Qxf6
Rg8 21. Ng5 Qa7+ 22. Kh1 Qc7 23. Rxf4 exf4 24. Nxh7+ Ke8 25. Re1+ Be6 26. Rxe6+
fxe6 27. Qxe6+ Qe7 28. Qxg8+ Kd7 29. Qg4+ Kc6 30. Qf3+ Kb6 31. h3 Rg8 32. Qxf4
Ka5 33. a3 Qe1+ 34. Kh2 Re8 35. Qb4+ Qxb4 36. axb4+ Kxb4 37. Ng5 a5 38. Nf3 Kc5
39. Nd2 a4 40. Ne4+ Kd4 41. Nd6 b4 42. h4 Re5 43. Nc4 Rc5 44. Nd2 b3 45. Nf3+
Ke3 46. cxb3 axb3 47. Bg6 Rc2 48. Ne5 Kd4 49. Nd3 Rc6 50. h5 Rb6 51. Kh3 Kd5
52. Kh4 Ke6 53. g4 Kf6 54. g5+ Kg7 55. Kg4 Ra6 56. Be4 Ra4 57. Kf5 Ra5+ 58. Kf4
Ra4 59. h6+ Kh8 60. g6 Ra6 61. Ne5 Rf6+ 62. Kg5 Rf2 63. g7+ 1-0

[Event "Hastings Masters 2022/23"]
[Site "Hastings"]
[Date "2023.01.06"]
[Round "10.34"]
[White "Byrn, Carsten"]
[Black "Walker, Martin G"]
[Result "0-1"]
[WhiteElo "1875"]
[BlackElo "2100"]
[PlyCount "34"]
[EventDate "2022.12.28"]
[EventType "swiss"]
[EventRounds "10"]
[EventCountry "ENG"]

1. d4 Nf6 2. c4 g6 3. Nc3 d5 4. cxd5 Nxd5 5. e4 Nxc3 6. bxc3 Bg7 7. Bg5 O-O 8.
Rc1 c5 9. h3 cxd4 10. cxd4 Qxd4 11. Qxd4 Bxd4 12. Bxe7 Re8 13. Bb5 Nc6 14. Bxc6
bxc6 15. Ne2 Rxe7 16. Nxd4 Rxe4+ 17. Ne2 Ba6 0-1

[Event "Hastings Masters 2022/23"]
[Site "Hastings"]
[Date "2023.01.06"]
[Round "10.35"]
[White "Jerome, Stellio"]
[Black "Liu, Tianyi (Jack)"]
[Result "0-1"]
[WhiteElo "1501"]
[BlackElo "1892"]
[PlyCount "88"]
[EventDate "2022.12.28"]
[EventType "swiss"]
[EventRounds "10"]
[EventCountry "ENG"]

1. g4 d5 2. h3 h5 3. g5 e5 4. h4 Ne7 5. Bg2 Nbc6 6. d3 Be6 7. Nd2 Ng6 8. Nb3
Qd6 9. e4 dxe4 10. Bxe4 Bd5 11. Qf3 Bxe4 12. Qxe4 Nb4 13. Qc4 c6 14. Be3 Qd5
15. Qxd5 cxd5 16. O-O-O Nxa2+ 17. Kb1 Nb4 18. Bd2 Nc6 19. Ne2 a5 20. f4 exf4
21. Nxf4 Nxf4 22. Bxf4 Be7 23. Rhe1 O-O 24. Nd4 Bb4 25. Nxc6 bxc6 26. c3 Bc5
27. d4 Bb6 28. Re7 Bd8 29. Rd7 Re8 30. Bd6 f6 31. Rf1 Re4 32. gxf6 Bxf6 33. Be5
Bxe5 34. dxe5 Rxe5 35. Rff7 Re1+ 36. Ka2 Rg1 37. Rf5 Rg2 38. Rg5 Rxg5 39. hxg5
Kh7 40. Rd6 Ra6 41. Ka3 a4 42. Kb4 c5+ 43. Kxc5 Rxd6 44. Kxd6 h4 0-1